[Event "Stuttgarter Stadtmeisterschaft B-Turnier"]
[Site "Ditzingen"]
[Date "2009.05.24"]
[Round "7.18"]
[White "Heiler, Karl"]
[Black "Tölg, Wolfgang"]
[Result "1-0"]
[WhiteElo "1860"]
[BlackElo "1762"]
[PlyCount "49"]
[EventDate "2009.??.??"]
[WhiteTeam "SC Bad Schussenried e.V."]
[BlackTeam "SF Oeffingen e.V."]

1. e4 e5 2. Nf3 Nc6 3. Bb5 a6 4. Bxc6 dxc6 5. O-O f6 6. d4 exd4 7. Qxd4 Qxd4 8.
Nxd4 Bd7 9. Be3 O-O-O 10. Nc3 Ne7 11. f4 g6 12. Rae1 c5 13. Nf3 b6 14. e5 fxe5
15. Nxe5 Be8 16. Ne4 Nd5 17. Bc1 Bg7 18. Ng5 Bxe5 19. fxe5 h6 20. Nf7 Bxf7 21.
Rxf7 Rd7 22. e6 Rxf7 23. exf7 Kd7 24. Bxh6 Nf6 25. f8=Q 1-0

[Event "Stuttgarter Stadtmeisterschaft B-Turnier"]
[Site "Ditzingen"]
[Date "2009.05.24"]
[Round "7.19"]
[White "Ellinger, Harald"]
[Black "Penzkofer, Ralf"]
[Result "1-0"]
[WhiteElo "1854"]
[BlackElo "1662"]
[PlyCount "49"]
[EventDate "2009.??.??"]
[WhiteTeam "SK e4 Gerlingen"]
[BlackTeam "SVG Vaihingen/Enz"]

1. Nf3 d5 2. d4 Nf6 3. c4 e6 4. e3 Be7 5. Nc3 O-O 6. Qc2 Nbd7 7. b3 dxc4 8.
bxc4 b6 9. Bd3 Bb7 10. e4 h6 11. O-O Bb4 12. Bd2 Qe7 13. Rab1 Rfd8 14. Rfe1
Bxc3 15. Bxc3 Rab8 16. h3 Ne8 17. Re3 Kh8 18. Bb4 c5 19. Ba3 Qf6 20. d5 Qe7 21.
Bb2 Nc7 22. Qc3 Rg8 23. Qd2 a6 24. Ne5 b5 25. d6 1-0

[Event "Stuttgarter Stadtmeisterschaft B-Turnier"]
[Site "Ditzingen"]
[Date "2009.05.24"]
[Round "7.20"]
[White "Zikeli, Julia"]
[Black "Pfeilsticker, Thorsten"]
[Result "0-1"]
[WhiteElo "1844"]
[BlackElo "1567"]
[PlyCount "64"]
[EventDate "2009.??.??"]
[WhiteTeam "SG Schwäb.Gmünd 1872 e.V"]
[BlackTeam "SV Stuttgart-Wolfbusch 1956 e.V."]

1. e4 a6 2. d4 b5 3. Nf3 Bb7 4. Bd3 e6 5. Bf4 Nf6 6. Nbd2 c5 7. c3 cxd4 8. Nxd4
Nc6 9. Nxc6 Bxc6 10. O-O Be7 11. e5 Nd5 12. Bg3 h5 13. h3 g5 14. Ne4 g4 15.
hxg4 h4 16. Bh2 h3 17. gxh3 Rxh3 18. Kg2 Rxh2+ 19. Kxh2 Qc7 20. Ng3 Qxe5 21.
Re1 Qf6 22. Kg1 Nf4 23. Bf1 Qh4 24. Ne4 O-O-O 25. Qf3 Rh8 26. Bh3 Nxh3+ 27. Kf1
Ng5 28. Qe3 Qh1+ 29. Ke2 Qxe4 30. Qxe4 Bxe4 31. f4 Rh2+ 32. Ke3 Bc5# 0-1

[Event "Stuttgarter Stadtmeisterschaft B-Turnier"]
[Site "Ditzingen"]
[Date "2009.05.24"]
[Round "7.21"]
[White "Pocrnic, Josip"]
[Black "Bay, Johannes"]
[Result "1-0"]
[WhiteElo "1823"]
[BlackElo "1650"]
[PlyCount "50"]
[EventDate "2009.??.??"]
[WhiteTeam "SF 1954 Conweiler e.V."]
[BlackTeam "SC Murrhardt 1948 e.V."]

1. e4 b6 2. d4 Bb7 3. Bd3 e6 4. Nc3 Nf6 5. Nf3 Bb4 6. Qe2 O-O 7. e5 Bxf3 8.
Qxf3 Nd5 9. Qe4 g6 10. Bd2 c6 11. h4 f5 12. Qe2 Be7 13. g3 c5 14. Nxd5 exd5 15.
Qf3 Nc6 16. Qxd5+ Kh8 17. dxc5 Bxc5 18. Bg5 Qe8 19. f4 Nb4 20. Qb3 d6 21. O-O-O
Nxd3+ 22. Qxd3 dxe5 23. fxe5 Qxe5 24. h5 gxh5 25. Rxh5 f4 1-0

[Event "Stuttgarter Stadtmeisterschaft B-Turnier"]
[Site "Ditzingen"]
[Date "2009.05.24"]
[Round "7.22"]
[White "Ruff, Robert"]
[Black "Ostertag, Stephan"]
[Result "0-1"]
[WhiteElo "1725"]
[BlackElo "1795"]
[PlyCount "48"]
[EventDate "2009.??.??"]
[WhiteTeam "SC Gross-Sachsenheim"]
[BlackTeam "SV Urach"]

1. d4 d6 2. Nf3 Nf6 3. c4 g6 4. Nc3 Bg7 5. e4 O-O 6. Be2 e5 7. O-O Nc6 8. d5
Ne7 9. b4 Nh5 10. Re1 f5 11. Bb2 Nf6 12. Nd2 f4 13. a4 g5 14. Ra3 g4 15. Bf1
Ng6 16. Qa1 Nh5 17. c5 Qh4 18. Nb5 g3 19. fxg3 fxg3 20. h3 Bxh3 21. Nf3 Rxf3
22. gxf3 Bg4 23. Bc4 Qh2+ 24. Kf1 Bxf3 0-1

[Event "Stuttgarter Stadtmeisterschaft B-Turnie"]
[Site "Ditzingen"]
[Date "2009.05.24"]
[Round "7.23"]
[White "Florio, Antonio"]
[Black "Spiegelberg, Silvia"]
[Result "1-0"]
[WhiteElo "1776"]
[BlackElo "1553"]
[PlyCount "81"]
[EventDate "2009.??.??"]
[WhiteTeam "SV Besigheim"]
[BlackTeam "SK Freiburg Zähringen 1887 e.V."]

1. d4 Nf6 2. Nf3 c5 3. c4 e6 4. g3 d5 5. Bg2 Nc6 6. O-O Bd7 7. cxd5 exd5 8. Nc3
Be6 9. Bg5 c4 10. e4 Be7 11. Bxf6 Bxf6 12. exd5 Bxd5 13. Re1+ Be7 14. Nxd5 Qxd5
15. Ne5 Qd6 16. Nxc6 bxc6 17. Qe2 Rc8 18. Rac1 Rc7 19. Rxc4 O-O 20. Rxc6 Rxc6
21. Bxc6 Qxc6 22. Qxe7 Qb6 23. Qd7 a6 24. Re8 Qa5 25. Rxf8+ Kxf8 26. Qc8+ Ke7
27. Qc5+ Qxc5 28. dxc5 a5 29. Kf1 Kd7 30. Ke2 Kc6 31. Kd3 Kxc5 32. Kc3 f6 33.
b3 g6 34. a3 f5 35. b4+ axb4+ 36. axb4+ Kb5 37. f4 h6 38. h4 h5 39. Kb3 Kc6 40.
Kc4 Kb6 41. b5 1-0

[Event "Stuttgarter Stadtmeisterschaft B-Turnier"]
[Site "Ditzingen"]
[Date "2009.05.24"]
[Round "7.25"]
[White "Kreutz, Daniel"]
[Black "Baumeister, Jürgen"]
[Result "1-0"]
[WhiteElo "1663"]
[BlackElo "1845"]
[PlyCount "55"]
[EventDate "2009.??.??"]
[WhiteTeam "Pulheimer Sport-Club 1924/57 e.V"]
[BlackTeam "SC Asperg"]

1. e4 c5 2. Nf3 e6 3. d4 cxd4 4. Nxd4 Bc5 5. Nc3 Qb6 6. Na4 Qa5+ 7. c3 Bxd4 8.
Qxd4 e5 9. Qd1 Nf6 10. b4 Qc7 11. Qc2 d5 12. Bd3 b6 13. O-O dxe4 14. Bxe4 Nxe4
15. Qxe4 Bb7 16. Qg4 O-O 17. Rd1 f5 18. Qh3 Rf6 19. Bg5 Rf7 20. Rd8+ Rf8 21.
Rxf8+ Kxf8 22. Qxf5+ Qf7 23. Qxh7 Qd5 24. Qf5+ Kg8 25. Qg4 Qc6 26. Rd1 Na6 27.
b5 Qxb5 28. Bf6 1-0

[Event "Stuttgarter Stadtmeisterschaft B-Turnier"]
[Site "Ditzingen"]
[Date "2009.05.24"]
[Round "7.27"]
[White "Holschke, Christian"]
[Black "Fuss, Thomas"]
[Result "0-1"]
[WhiteElo "1553"]
[BlackElo "1819"]
[PlyCount "84"]
[EventDate "2009.??.??"]
[WhiteTeam "SC Neckarsulm e.V."]
[BlackTeam "SV Rottweil"]

1. e4 c5 2. Nf3 Nc6 3. d4 cxd4 4. Nxd4 Nf6 5. Nc3 e5 6. Nxc6 bxc6 7. Bg5 Bb4 8.
Qf3 Qa5 9. Bd2 O-O 10. Nb1 Bxd2+ 11. Nxd2 d5 12. Bd3 Rd8 13. c3 d4 14. Nb3 Qc7
15. cxd4 exd4 16. Rc1 Be6 17. Qg3 Qxg3 18. hxg3 Bxb3 19. axb3 Re8 20. Rxc6 Nxe4
21. Bxe4 Rxe4+ 22. Kd2 Rae8 23. Ra1 Re2+ 24. Kd3 Rxf2 25. Rxa7 Rxb2 26. Rb7
Rxg2 27. b4 Rxg3+ 28. Kxd4 h5 29. b5 h4 30. Rc2 h3 31. Rh2 g5 32. Rf2 Rg4+ 33.
Kc5 Rh4 34. Rf5 h2 35. Rxg5+ Kh8 36. Rxf7 h1=Q 37. Rff5 Rc8+ 38. Kd6 Rh6+ 39.
Ke5 Qe1+ 40. Kd4 Rd6+ 41. Rd5 Qd2+ 42. Ke4 Rc4+ 0-1

[Event "Stuttgarter Stadtmeisterschaft B-Turnier"]
[Site "Ditzingen"]
[Date "2009.05.24"]
[Round "7.28"]
[White "Schmitz, Harald"]
[Black "Schmidt, Armin"]
[Result "1-0"]
[WhiteElo "1757"]
[BlackElo "1585"]
[PlyCount "77"]
[EventDate "2009.??.??"]
[WhiteTeam "SG Fasanenhof"]
[BlackTeam "SF Schwarz-Weiß Merzhausen"]

1. e4 d6 2. d4 Nf6 3. Nc3 g6 4. Nf3 Bg7 5. Bc4 O-O 6. O-O Nxe4 7. Nxe4 d5 8.
Bxd5 Qxd5 9. Re1 Bf5 10. Nc3 Qd8 11. Be3 Nc6 12. a3 a6 13. h3 h6 14. Qd2 Kh7
15. Rad1 Qc8 16. Qe2 Re8 17. g4 Bd7 18. Bf4 Bxg4 19. hxg4 Qxg4+ 20. Bg3 f5 21.
Nh2 Qg5 22. Nf3 Qg4 23. Ne5 Nxe5 24. dxe5 Qg5 25. Qe3 Qh5 26. Kg2 g5 27. Rh1
Qg6 28. Qe2 f4 29. Bh2 Qc6+ 30. f3 Kh8 31. Rhe1 Rad8 32. Bg1 g4 33. Qe4 Qe6 34.
Qxf4 gxf3+ 35. Kf2 Rf8 36. Qh4 Rf5 37. Bh2 Rdf8 38. Re3 Rg5 39. Rg1 1-0

[Event "Stuttgarter Stadtmeisterschaft B-Turnier"]
[Site "Ditzingen"]
[Date "2009.05.24"]
[Round "7.29"]
[White "Wenzel, Ulrich"]
[Black "Straub, Reiner"]
[Result "1/2-1/2"]
[WhiteElo "1649"]
[BlackElo "1736"]
[PlyCount "82"]
[EventDate "2009.??.??"]
[WhiteTeam "SAbt TSF Ditzingen"]
[BlackTeam "SC Leinfelden"]

1. d4 d5 2. Nf3 Nf6 3. e3 Bg4 4. h3 Bxf3 5. Qxf3 e6 6. c4 c6 7. Nc3 Bd6 8. cxd5
exd5 9. Bd3 O-O 10. O-O Re8 11. Bd2 Nbd7 12. a3 Qb6 13. b4 Re7 14. Na4 Qd8 15.
Rfc1 Ne4 16. Rc2 Nxd2 17. Rxd2 Nf6 18. Qd1 Qd7 19. Nc5 Qe8 20. Rc2 a5 21. Rb1
b6 22. Nb3 axb4 23. axb4 Bxb4 24. Nd2 c5 25. dxc5 bxc5 26. Nf3 Ne4 27. Bxe4
dxe4 28. Nd2 Rd7 29. Qe2 g6 30. Nc4 Rad8 31. Rbb2 Qe7 32. g3 Ra8 33. Kg2 Ra1
34. Nd2 h5 35. Qc4 Bxd2 36. Rxd2 Rxd2 37. Rxd2 Ra7 38. Rb2 Rc7 39. Rb8+ Kg7 40.
Qc3+ f6 41. Qc4 Qf7 1/2-1/2

[Event "Stuttgarter Stadtmeisterschaft B-Turnier"]
[Site "Ditzingen"]
[Date "2009.05.24"]
[Round "7.30"]
[White "Yildiz, Serkan"]
[Black "Boyarchenko, Vlada"]
[Result "1/2-1/2"]
[WhiteElo "1707"]
[BlackElo "1607"]
[PlyCount "26"]
[EventDate "2009.??.??"]
[WhiteTeam "SK Wernau"]

1. d4 Nf6 2. c4 g6 3. Nf3 Bg7 4. g3 O-O 5. Bg2 d5 6. cxd5 Nxd5 7. O-O c6 8. Nc3
c5 9. Nxd5 Qxd5 10. dxc5 Qxc5 11. Qb3 Nc6 12. Be3 Qa5 13. Bd2 Qa6 1/2-1/2

[Event "Stuttgarter Stadtmeisterschaft B-Turnier"]
[Site "Ditzingen"]
[Date "2009.05.24"]
[Round "7.31"]
[White "Ziegler, Michael"]
[Black "Cummings, Orlyn"]
[Result "0-1"]
[WhiteElo "1700"]
[BlackElo "1585"]
[PlyCount "108"]
[EventDate "2009.??.??"]
[WhiteTeam "SF 59 Kornwestheim"]
[BlackTeam "SC Ingersheim e.V."]

1. e4 d6 2. Nf3 Nf6 3. Nc3 g6 4. d4 c6 5. Be2 Bg7 6. Be3 O-O 7. h3 Nbd7 8. Qd2
Qc7 9. O-O-O b5 10. Bh6 b4 11. Bxg7 Kxg7 12. Na4 Nxe4 13. Qe3 Nef6 14. g4 Nb6
15. Nxb6 axb6 16. Bc4 b5 17. Bb3 c5 18. dxc5 dxc5 19. g5 Nh5 20. Bd5 Bb7 21.
Rhe1 e6 22. Bxb7 Qxb7 23. Ne5 Qa7 24. Nd7 Rfd8 25. Qe5+ Kg8 26. Nf6+ Nxf6 27.
Qxf6 Qc7 28. Rxd8+ Rxd8 29. Re3 c4 30. Qf3 Qd6 31. Qe2 Ra8 32. Kb1 Qd5 33. Qf3
Qxf3 34. Rxf3 Rd8 35. Kc1 Rd5 36. h4 Rf5 37. Rxf5 gxf5 38. f4 Kg7 39. Kd2 f6
40. a3 bxa3 41. bxa3 e5 42. Ke3 Kg6 43. gxf6 Kxf6 44. fxe5+ Kxe5 45. c3 f4+ 46.
Kf3 h5 47. Kf2 Ke4 48. Ke2 f3+ 49. Kf2 Kf4 50. Kf1 Ke3 51. Ke1 Kf4 52. Kf2 Kg4
53. Kg1 Kxh4 54. Kh2 Kg4 0-1

[Event "Stuttgarter Stadtmeisterschaft B-Turnier"]
[Site "Ditzingen"]
[Date "2009.05.24"]
[Round "7.32"]
[White "Hengster, Wolfgang"]
[Black "Hahn, Lilli"]
[Result "1/2-1/2"]
[WhiteElo "1628"]
[BlackElo "1697"]
[PlyCount "77"]
[EventDate "2009.??.??"]
[WhiteTeam "SC Affalterbach"]
[BlackTeam "SV Balingen"]

1. d4 d5 2. c4 Nf6 3. Nc3 e6 4. Bg5 c6 5. e3 Nbd7 6. a3 Be7 7. Nf3 dxc4 8. Bxc4
Nb6 9. Bd3 Nfd5 10. Bxe7 Qxe7 11. Ne4 Nd7 12. Rc1 h6 13. O-O O-O 14. Qb3 e5 15.
Rfd1 exd4 16. Nxd4 N7b6 17. h3 Kh8 18. Bb1 f5 19. Nc5 Rf6 20. Qd3 Qf7 21. Rd2
Qh5 22. Nf3 Qe8 23. Re1 Kg8 24. Bc2 Nd7 25. Nxd7 Bxd7 26. Kf1 Rd8 27. Bb3 Kh8
28. Kg1 Bc8 29. Bc2 Kg8 30. e4 fxe4 31. Rxe4 Re6 32. Rxe6 Qxe6 33. Re2 Qf6 34.
Qh7+ Kf8 35. Bg6 Ne7 36. Bb1 Rd1+ 37. Re1 Rxe1+ 38. Nxe1 Be6 39. Qc2 1/2-1/2

[Event "Stuttgarter Stadtmeisterschaft B-Turnier"]
[Site "Ditzingen"]
[Date "2009.05.24"]
[Round "7.33"]
[White "Werner, Stefan"]
[Black "Brittschock-Schrall, Bärbel"]
[Result "1-0"]
[WhiteElo "1695"]
[BlackElo "1542"]
[PlyCount "69"]
[EventDate "2009.??.??"]
[WhiteTeam "SAbt TSV Zuffenhausen"]
[BlackTeam "SV Besigheim"]

1. e4 c5 2. Nf3 Nc6 3. d4 cxd4 4. Nxd4 e5 5. Nb5 a6 6. Nd6+ Bxd6 7. Qxd6 Qe7 8.
Qxe7+ Ngxe7 9. Nc3 d6 10. Be3 Be6 11. O-O-O Nc8 12. Nd5 Bxd5 13. Rxd5 O-O 14.
a3 h6 15. Be2 N6e7 16. Rd2 f5 17. Bc4+ Kh7 18. f3 fxe4 19. fxe4 Rf6 20. Rhd1 b5
21. Bb3 Rb8 22. Rf2 Rxf2 23. Bxf2 b4 24. a4 a5 25. Be6 Rb7 26. Bxc8 Nxc8 27.
Rd5 Rf7 28. Be3 Rc7 29. Kd2 Kg6 30. Rxa5 Rb7 31. Rb5 Rxb5 32. axb5 Kf6 33. b6
Ne7 34. b7 Nc6 35. Ba7 1-0

[Event "Stuttgarter Stadtmeisterschaft B-Turnier"]
[Site "Ditzingen"]
[Date "2009.05.24"]
[Round "7.35"]
[White "Prinz, Philipp"]
[Black "Zaytsev, Evgeny"]
[Result "1/2-1/2"]
[WhiteElo "1532"]
[BlackElo "1810"]
[PlyCount "100"]
[EventDate "2009.??.??"]
[WhiteTeam "SV Balingen"]
[BlackTeam "Stuttgarter SF 1879"]

1. d4 Nf6 2. c4 g6 3. Nc3 Bg7 4. e4 d6 5. Nf3 O-O 6. b4 a5 7. b5 c5 8. bxc6
Nxc6 9. Rb1 e5 10. d5 Ne7 11. Be2 Ne8 12. Be3 f5 13. Bb6 Qd7 14. c5 dxc5 15.
Bxc5 Nd6 16. Bxd6 Qxd6 17. Nb5 Qd8 18. d6 Nc6 19. Nc7 Rb8 20. Qd5+ Kh8 21. Bb5
fxe4 22. Qxe4 Bf5 23. Qd5 Bxb1 24. Ne6 Qb6 25. O-O Bxa2 26. Qxa2 Qxb5 27. Nxf8
Rxf8 28. Ng5 Nd8 29. Rb1 Qc5 30. Qd2 Qd4 31. Qxd4 exd4 32. d7 h6 33. Ne4 Rf5
34. Nd6 Rd5 35. Nxb7 Rxd7 36. Nxa5 Ne6 37. Rd1 d3 38. Nb3 h5 39. g3 Bh6 40. f4
Rd5 41. Nc1 Nc5 42. Kf2 Kg7 43. Ke3 g5 44. Nxd3 gxf4+ 45. gxf4 Rxd3+ 46. Rxd3
Nxd3 47. Kxd3 Bxf4 48. Ke2 Bxh2 49. Kf2 Kf6 50. Kg2 Be5 1/2-1/2

[Event "Stuttgarter Stadtmeisterschaft B-Turnier"]
[Site "Ditzingen"]
[Date "2009.05.24"]
[Round "7.36"]
[White "Wolf, Adam"]
[Black "Hirneise, Lothar"]
[Result "1/2-1/2"]
[WhiteElo "1582"]
[BlackElo "1714"]
[PlyCount "91"]
[EventDate "2009.??.??"]
[WhiteTeam "SF 59 Kornwestheim"]
[BlackTeam "Sabt SpVgg Rommelshausen"]

1. c4 Nf6 2. g3 g6 3. Bg2 Bg7 4. Nf3 O-O 5. O-O c6 6. Nc3 d6 7. Rb1 Bf5 8. d3
Nbd7 9. b4 Qc7 10. a4 Rad8 11. b5 Rfe8 12. bxc6 bxc6 13. Nd4 d5 14. Nxf5 gxf5
15. cxd5 cxd5 16. Nxd5 Nxd5 17. Bxd5 Qa5 18. Bc4 Nc5 19. Bb5 Rf8 20. Ba3 Qc7
21. Qc2 Rd5 22. Bc4 Ne6 23. Qa2 Re5 24. f4 Re3 25. Bc1 Bd4 26. Bxe3 Bxe3+ 27.
Kg2 Ng7 28. Rb5 Kh8 29. Rfb1 Bxf4 30. Rb7 Qc6+ 31. Bd5 Qg6 32. Bxf7 Rxf7 33.
Rb8+ Bxb8 34. Rxb8+ Ne8 35. Rxe8+ Kg7 36. Qb2+ Kh6 37. Qd2+ Kg7 38. Qc3+ Kh6
39. Qc5 Qe6 40. Kf3 f4 41. gxf4 Qh3+ 42. Ke4 Qg2+ 43. Kd4 Qg1+ 44. Kc4 Rxf4+
45. Kb5 Qb1+ 46. Kc6 1/2-1/2

[Event "Stuttgarter Stadtmeisterschaft B-Turnier"]
[Site "Ditzingen"]
[Date "2009.05.24"]
[Round "7.37"]
[White "Mainik, Philipp"]
[Black "Awiszus, Thomas"]
[Result "1-0"]
[WhiteElo "1706"]
[BlackElo "1539"]
[PlyCount "91"]
[EventDate "2009.??.??"]
[WhiteTeam "SV Fellbach"]
[BlackTeam "SV Fellbach"]

1. e4 c6 2. d4 d5 3. exd5 cxd5 4. Bd3 Nf6 5. c3 e6 6. Bg5 Be7 7. Nf3 Bd7 8.
Nbd2 Nc6 9. O-O Qc7 10. Re1 O-O-O 11. Ne5 Rdf8 12. Ndf3 h6 13. Bf4 Qd8 14. h3
g5 15. Bh2 Nh5 16. Nxd7 Qxd7 17. Bb5 Nf4 18. Ne5 Qe8 19. Qa4 Bd6 20. Bxc6 bxc6
21. Qa6+ Kc7 22. Qxa7+ Kc8 23. Qa6+ Kc7 24. a4 f6 25. Qa7+ Kc8 26. Qa8+ Kc7 27.
Qxe8 Rxe8 28. Nf7 Rh7 29. Nxd6 Kxd6 30. b4 e5 31. Bxf4 gxf4 32. b5 cxb5 33.
axb5 Rb7 34. Ra6+ Kd7 35. Rxf6 e4 36. Rxf4 Rxb5 37. Rf6 Re6 38. Rxe6 Kxe6 39.
f3 Kf5 40. fxe4+ dxe4 41. Kf2 Rb3 42. Rc1 Rb2+ 43. Ke3 Rxg2 44. Rf1+ Kg5 45.
Kxe4 Rg3 46. Rf3 1-0

[Event "Stuttgarter Stadtmeisterschaft B-Turnier"]
[Site "Ditzingen"]
[Date "2009.05.24"]
[Round "7.39"]
[White "Wilhelm, Jens"]
[Black "Helmbrecht, Kurt"]
[Result "1/2-1/2"]
[WhiteElo "1542"]
[BlackElo "1657"]
[PlyCount "108"]
[EventDate "2009.??.??"]
[WhiteTeam "Sabt SpVgg Rommelshausen"]
[BlackTeam "SV Fellbach"]

1. d4 d5 2. e3 c5 3. dxc5 Nc6 4. Bb5 e6 5. Ne2 Bxc5 6. O-O Bd7 7. a3 Nf6 8. b4
Be7 9. Bb2 O-O 10. Ng3 Rc8 11. Nd2 a5 12. c3 Qb6 13. Bd3 Ne5 14. Be2 Rfd8 15.
Nb3 Ba4 16. Qd4 Qxd4 17. Nxd4 Nc4 18. Bc1 Nd6 19. Bb2 Rc7 20. Bd1 Bd7 21. Bf3
a4 22. Rfc1 Nc4 23. Ra2 Rdc8 24. Ba1 e5 25. Ndf5 Bf8 26. Be2 g6 27. Nh4 Bg7 28.
Nf3 Ne8 29. e4 Be6 30. Ng5 Ned6 31. Nxe6 fxe6 32. exd5 exd5 33. Rd1 Nb6 34. f3
Nf5 35. Kf2 Bh6 36. Bd3 Ne3 37. Re1 Nec4 38. Bxc4 Nxc4 39. Rae2 Kf7 40. Rd1 Rd7
41. Nf1 b5 42. h3 Re8 43. Nh2 Nxa3 44. Ng4 Bg7 45. Ne3 d4 46. Nc2 Nxc2 47. Rxc2
Rc7 48. Rd3 Rec8 49. Ke2 Rc4 50. Kd1 dxc3 51. Rdxc3 Rd8+ 52. Ke2 Rxb4 53. Rc7+
Kf8 54. Rb7 Rc4 1/2-1/2

[Event "Stuttgarter Stadtmeisterschaft B-Turnier"]
[Site "Ditzingen"]
[Date "2009.05.24"]
[Round "7.40"]
[White "Lörincz, Peter"]
[Black "Steimbach, Isabel"]
[Result "0-1"]
[WhiteElo "1650"]
[BlackElo "1510"]
[PlyCount "86"]
[EventDate "2009.??.??"]
[WhiteTeam "SK Lauffen"]
[BlackTeam "SABT TV Neuenbürg 1859"]

1. c4 e5 2. e4 Nf6 3. Nc3 Nc6 4. Nf3 Bc5 5. Be2 d6 6. O-O O-O 7. d3 h6 8. a3 a5
9. Rb1 Bg4 10. h3 Bh5 11. Nh2 Bxe2 12. Nxe2 Ne7 13. b4 axb4 14. axb4 Bd4 15.
Nxd4 exd4 16. b5 c6 17. bxc6 bxc6 18. Qf3 Ng6 19. Qd1 d5 20. exd5 cxd5 21. cxd5
Qxd5 22. Nf3 Rfe8 23. Bb2 Nf4 24. Kh2 Qd6 25. g3 Ne2 26. Ra1 Rxa1 27. Qxa1 Nh5
28. Bxd4 Nhxg3 29. fxg3 Qxg3+ 30. Kh1 Qxh3+ 31. Nh2 Ng3+ 32. Kg1 Nxf1 33. Nxf1
Qg4+ 34. Kh1 Re2 35. Qa8+ Kh7 36. Bg1 Qh3+ 37. Nh2 Qxd3 38. Nf3 Qe4 39. Qa3 Rd2
40. Qb3 Rd3 41. Qxf7 Qxf3+ 42. Qxf3 Rxf3 43. Kh2 g5 0-1

[Event "Stuttgarter Stadtmeisterschaft B-Turnier"]
[Site "Ditzingen"]
[Date "2009.05.24"]
[Round "7.41"]
[White "Gorb, Eugeniusz"]
[Black "Hartmann, Anatoli"]
[Result "1/2-1/2"]
[WhiteElo "1537"]
[BlackElo "1642"]
[PlyCount "146"]
[EventDate "2009.??.??"]
[WhiteTeam "SC Gross-Sachsenheim"]
[BlackTeam "SC Gross-Sachsenheim"]

1. e4 e6 2. d4 c6 3. Nf3 d5 4. e5 g6 5. Be3 Bg7 6. Bd3 Nd7 7. Nbd2 Ne7 8. Nb3
b6 9. Qd2 O-O 10. h4 Nf5 11. Bg5 Qe8 12. h5 f6 13. exf6 Nxf6 14. hxg6 hxg6 15.
Ne5 Nh7 16. O-O-O c5 17. Rxh7 Kxh7 18. Rh1+ Kg8 19. g4 c4 20. f4 Bxe5 21. fxe5
cxd3 22. Qh2 Qd7 23. Qh8+ Kf7 24. Qf6+ Ke8 25. Qxg6+ Qf7 26. Qxf7+ Rxf7 27.
Rh8+ Rf8 28. Rxf8+ Kxf8 29. gxf5 exf5 30. cxd3 Be6 31. a4 Ke8 32. a5 Kd7 33.
Kd2 Rg8 34. Bf6 Kc6 35. axb6 axb6 36. Nc1 Rg2+ 37. Ne2 f4 38. Ke1 Kd7 39. Nxf4
Rxb2 40. Nxe6 Kxe6 41. Bg5 Rc2 42. Kd1 Rc6 43. Bd2 b5 44. Bb4 Kf5 45. Kd2 Ke6
46. Bc5 Ra6 47. Kc3 Ra1 48. Kb2 Ra4 49. Kb3 Ra1 50. Kb2 Re1 51. Kc2 Kd7 52. Kd2
Ra1 53. Kc2 Rh1 54. Kb2 Rh2+ 55. Kb3 Re2 56. Kb4 Kc6 57. Kc3 Re1 58. Kc2 Kd7
59. Kd2 Rh1 60. Kc2 Rh6 61. Kc3 Kc6 62. Kb4 Rh1 63. Kc3 Rc1+ 64. Kb2 Re1 65.
Kc3 Kd7 66. Kd2 Rh1 67. Kc3 Rh3 68. Kd2 Rh1 69. Kc3 Rh3 70. Kd2 Rh6 71. Kc3 Rh2
72. Kb3 Re2 73. Kc3 Kc6 1/2-1/2

[Event "Stuttgarter Stadtmeisterschaft B-Turnier"]
[Site "Ditzingen"]
[Date "2009.05.24"]
[Round "7.42"]
[White "Hegel, Pius"]
[Black "Klett, Hartmut"]
[Result "1-0"]
[WhiteElo "1526"]
[BlackElo "1638"]
[PlyCount "69"]
[EventDate "2009.??.??"]
[WhiteTeam "SC Turm 82 Schweinfurt"]
[BlackTeam "SAbt GSV Hemmingen"]

1. Nf3 Nf6 2. b3 d5 3. Bb2 e6 4. e3 c5 5. Ne5 Nc6 6. Bb5 Bd7 7. Bxc6 Bxc6 8.
O-O Bd6 9. f4 Rg8 10. d3 Qe7 11. Nd2 Bxe5 12. Bxe5 Nd7 13. Nf3 f6 14. Bb2 O-O-O
15. d4 g5 16. fxg5 fxg5 17. dxc5 Qxc5 18. Bd4 Qd6 19. a4 b6 20. Qe2 e5 21. Bb2
g4 22. Nh4 Kb8 23. Ba3 Qe6 24. Nf5 Nc5 25. a5 Rg5 26. Ng3 h5 27. axb6 axb6 28.
Bxc5 bxc5 29. Qa6 Kc7 30. Qa7+ Kd6 31. Rf7 Rc8 32. Ra5 Bd7 33. Qb6+ Rc6 34.
Qb8+ Rc7 35. Ra6+ 1-0

[Event "Stuttgarter Stadtmeisterschaft B-Turnier"]
[Site "Ditzingen"]
[Date "2009.05.24"]
[Round "7.43"]
[White "Schiller, Anna-Katharina"]
[Black "Krebs, Thomas"]
[Result "0-1"]
[WhiteElo "1508"]
[BlackElo "1625"]
[PlyCount "80"]
[EventDate "2009.??.??"]
[WhiteTeam "SV Fellbach"]
[BlackTeam "SK e4 Gerlingen"]

1. e4 e6 2. d4 d5 3. Nc3 Nf6 4. Bg5 Be7 5. exd5 Nxd5 6. Bxe7 Qxe7 7. Nxd5 exd5+
8. Qe2 Be6 9. Nf3 O-O 10. g3 Re8 11. Bg2 c6 12. O-O h6 13. Ne5 Nd7 14. Nxd7
Qxd7 15. Qd2 a5 16. a4 Re7 17. Rfe1 b6 18. Re3 Rae8 19. Rae1 Bf5 20. Rxe7 Rxe7
21. Rxe7 Qxe7 22. Kf1 Kf8 23. h3 Qb4 24. Qxb4+ axb4 25. c4 Bd3+ 26. Ke1 Bxc4
27. Bf3 Bb3 28. Bd1 Bxd1 29. Kxd1 Ke7 30. Kc2 Kd6 31. Kb3 c5 32. dxc5+ Kxc5 33.
Kc2 Kc4 34. b3+ Kd4 35. Kd2 Ke4 36. Ke2 Kd4 37. Kd2 g5 38. f3 f5 39. h4 gxh4
40. gxh4 h5 0-1

[Event "Stuttgarter Stadtmeisterschaft B-Turnier"]
[Site "Ditzingen"]
[Date "2009.05.24"]
[Round "7.44"]
[White "Zeyer, Gabriel"]
[Black "Schäfer-Siebert, Carsten"]
[Result "0-1"]
[WhiteElo "1461"]
[BlackElo "1596"]
[PlyCount "54"]
[EventDate "2009.??.??"]
[WhiteTeam "SV Fellbach"]
[BlackTeam "SAbt TSV Münchingen"]

1. c4 Nf6 2. d4 g6 3. Nc3 Bg7 4. e4 d6 5. Bg5 O-O 6. Be2 e5 7. d5 Nbd7 8. Bg4
Qe8 9. Bxd7 Bxd7 10. Nge2 h6 11. Bh4 Nh7 12. O-O f5 13. f3 f4 14. g4 fxg3 15.
hxg3 g5 16. Kf2 gxh4 17. gxh4 Qh5 18. Ke3 Qxh4 19. Qe1 Qxe1 20. Raxe1 Ng5 21.
f4 exf4+ 22. Nxf4 Bxc3 23. bxc3 Rae8 24. Rg1 Rxe4+ 25. Kd3 Rxe1 26. Rxe1 Rxf4
27. Re7 Rf7 0-1

[Event "Stuttgarter Stadtmeisterschaft B-Turnier"]
[Site "Ditzingen"]
[Date "2009.05.24"]
[Round "7.45"]
[White "Aubel, Stefan"]
[Black "Baumann, Michaela"]
[Result "1-0"]
[WhiteElo "1591"]
[BlackElo "1413"]
[PlyCount "45"]
[EventDate "2009.??.??"]
[WhiteTeam "SAbt TSV Zuffenhausen"]
[BlackTeam "SK Wernau"]

1. d4 g6 2. c4 Bg7 3. Nc3 Nf6 4. e4 d6 5. Be3 O-O 6. Bd3 e5 7. d5 Ng4 8. Nf3
Nxe3 9. fxe3 f5 10. O-O fxe4 11. Nxe4 Bg4 12. Rb1 Bh6 13. Qe2 Nd7 14. b4 Bxf3
15. Rxf3 Rxf3 16. Qxf3 Qf8 17. Qh3 Nb6 18. Rf1 Qg7 19. Qe6+ Kh8 20. Rf7 Bxe3+
21. Kh1 Qh6 22. Nf6 Rf8 23. Rxh7+ 1-0

[Event "Stuttgarter Stadtmeisterschaft B-Turnier"]
[Site "Ditzingen"]
[Date "2009.05.24"]
[Round "7.46"]
[White "Srokovskiy, Andrea"]
[Black "Weisensel, Wolfgang"]
[Result "1-0"]
[WhiteElo "1809"]
[BlackElo "1531"]
[PlyCount "90"]
[EventDate "2009.??.??"]
[WhiteTeam "OSC - SG Baden-Baden 1922 e.V."]
[BlackTeam "Stuttgarter SF 1879"]

1. e4 c5 2. Nf3 d6 3. d4 cxd4 4. Nxd4 Nf6 5. f3 a6 6. c4 Nc6 7. Be3 e5 8. Nxc6
bxc6 9. Nc3 Be6 10. Be2 Be7 11. O-O O-O 12. Qd2 Qc7 13. Rfd1 Rfd8 14. Na4 Nd7
15. Rac1 Qb7 16. b3 Nc5 17. Nxc5 dxc5 18. Qa5 Rxd1+ 19. Rxd1 f6 20. Bxc5 Bxc5+
21. Qxc5 Qc7 22. Qd6 Qc8 23. Qe7 Qe8 24. Qxe8+ Rxe8 25. Rd6 Bf7 26. Rxc6 Re6
27. Rxe6 Bxe6 28. b4 Kf7 29. Kf2 Ke7 30. a3 Kd6 31. c5+ Kc6 32. Bxa6 Bb3 33.
Ke3 g5 34. g3 Ba4 35. h4 h6 36. h5 Bb3 37. Bd3 Bf7 38. g4 Bb3 39. Kd2 Ba4 40.
Bc2 Bb5 41. a4 Bf1 42. Bd1 Bc4 43. Kc3 Be6 44. Be2 Bc8 45. Bc4 Bb7 1-0